Statistics for All nintendo pokemon games?

Click here to take the quiz!

General Stats

  • This quiz has been taken 2,884 times
  • The average score is 17 of 19

Answer Stats

Hint Answer % Correct
GBCRed
99%
GBCblue
98%
GBCyellow
96%
GBCsilver
94%
GBCgold
94%
GBCgreen
94%
nintendowhite
93%
nintendoblack
93%
GBAruby
92%
nintendodiamond
88%
GBAemerald
88%
GBAsapphire
88%
nintendopearl
87%
GBAleaf green
82%
GBAfire red
82%
nintendoplatinum
80%
GBCcrystal
77%
nintendoheartgold
76%
nintendosoulsilver
76%

Score Distribution

Percentile by Number Answered

Percent of People with Each Score

Your Score History

You have not taken this quiz